|
|
|
|
| LEADER |
00693nab a2200205 i 4500 |
| 001 |
acta1152 |
| 005 |
20250515113301.0 |
| 008 |
161015s2005 hu o 000 hun d |
| 022 |
|
|
|a 1786-7428
|
| 040 |
|
|
|a SZTE Egyetemi Kiadványok Repozitórium
|b hun
|
| 041 |
|
|
|a hun
|
| 100 |
1 |
|
|a Deme László
|
| 245 |
1 |
0 |
|a Nyíri Antalról - a pályatárs szemével
|h [elektronikus dokumentum] /
|c Deme László
|
| 260 |
|
|
|c 2005
|
| 300 |
|
|
|a 221-223
|
| 490 |
0 |
|
|a Nyelvtudomány
|v 1
|
| 650 |
|
4 |
|a Bölcsészettudományok
|
| 650 |
|
4 |
|a Nyelvek és irodalom
|
| 695 |
|
|
|a Nyíri Antal, Nyelvtudomány - magyar - 20. sz.
|
| 856 |
4 |
0 |
|u http://acta.bibl.u-szeged.hu/1152/1/nyelvtudomany_42_221-223.pdf
|z Dokumentum-elérés
|